000 00330nam a22001337a 4500
020 _a0-13-295196-7
041 _aENG
100 _aWhitney .M.J
245 _aExperimental Mechanics Of Fiber Reinforced Composite Materials
260 _aJersey.
_bThe Society For Experimental
_c1984
300 _a264
650 _aFS
856 _uFS
999 _c814
_d814